| 000 -LEADER | |
|---|---|
| fixed length control field | 00312nam a22001217a 4500 |
| 020 ## - INTERNATIONAL STANDARD BOOK NUMBER | |
| ISBN | 9789988149703 |
| 050 ## - LIBRARY OF CONGRESS CALL NUMBER | |
| Classification number | HG 3290 asi |
| 100 ## - MAIN ENTRY--AUTHOR NAME | |
| Personal name | ASIEDU-MANTE, Emmanuel |
| 245 ## - TITLE STATEMENT | |
| Title | Rrual banking in Ghana |
| 260 ## - PUBLICATION, DISTRIBUTION, ETC. (IMPRINT) | |
| Place of publication | Accra |
| Name of publisher | Combert Impressions |
| Year of publication | 2011 |
| 300 ## - PHYSICAL DESCRIPTION | |
| Number of Pages | xii, 327p., bibliographic references |
| 942 ## - ADDED ENTRY ELEMENTS (KOHA) | |
| Koha item type | Books |
| Koha item type | Shelving location | Accession Number | Permanent Location | Current Location | Date acquired | Full call number |
|---|---|---|---|---|---|---|
| Books | Lending | 3110 c1 | Chapman Library | Chapman Library | 2017-02-07 | HG 3290 asi |
| Books | Lending | 3111 c2 | Chapman Library | Chapman Library | 2017-02-07 | HG 3290 asi |
| Books | Reference | 3165 c3 | Chapman Library | Chapman Library | 2017-02-07 | HG 3290 asi |
| Books | Reference | 3335 c4 | Chapman Library | Chapman Library | 2017-02-07 | HG 3290 asi |

